<?xml version="1.0" encoding="UTF-8"?>
<record
    xmlns:xsi="http://www.w3.org/2001/XMLSchema-instance"
    xsi:schemaLocation="http://www.loc.gov/MARC21/slim http://www.loc.gov/standards/marcxml/schema/MARC21slim.xsd"
    xmlns="http://www.loc.gov/MARC21/slim">

  <leader>01937cam a2200289 i 4500</leader>
  <controlfield tag="003">DLC</controlfield>
  <controlfield tag="005">20160624020003.0</controlfield>
  <controlfield tag="008">130502t2013    ilu      b    001 0 eng  </controlfield>
  <datafield tag="010" ind1=" " ind2=" ">
    <subfield code="a">2013018041</subfield>
  </datafield>
  <datafield tag="020" ind1=" " ind2=" ">
    <subfield code="a">9781433519710 (tp)</subfield>
  </datafield>
  <datafield tag="039" ind1=" " ind2=" ">
    <subfield code="a">242909</subfield>
    <subfield code="c">TLC</subfield>
  </datafield>
  <datafield tag="040" ind1=" " ind2=" ">
    <subfield code="a">DLC</subfield>
    <subfield code="b">eng</subfield>
    <subfield code="e">rda</subfield>
    <subfield code="c">DLC</subfield>
    <subfield code="d">UtOrBLW</subfield>
  </datafield>
  <datafield tag="042" ind1=" " ind2=" ">
    <subfield code="a">pcc</subfield>
  </datafield>
  <datafield tag="049" ind1=" " ind2=" ">
    <subfield code="a">MO6</subfield>
  </datafield>
  <datafield tag="050" ind1="0" ind2="0">
    <subfield code="a">BV4211.3</subfield>
    <subfield code="b">.M49 2013</subfield>
  </datafield>
  <datafield tag="082" ind1="0" ind2="0">
    <subfield code="a">251</subfield>
    <subfield code="2">23</subfield>
  </datafield>
  <datafield tag="092" ind1=" " ind2=" ">
    <subfield code="a">251/M612p</subfield>
  </datafield>
  <datafield tag="100" ind1="1" ind2=" ">
    <subfield code="a">Meyer, Jason C.</subfield>
    <subfield code="q">(Jason Curtis),</subfield>
    <subfield code="d">1976-</subfield>
    <subfield code="9">37414</subfield>
  </datafield>
  <datafield tag="245" ind1="1" ind2="0">
    <subfield code="a">Preaching :</subfield>
    <subfield code="b">a biblical theology /</subfield>
    <subfield code="c">Jason C. Meyer ; foreword by John Piper.</subfield>
  </datafield>
  <datafield tag="300" ind1=" " ind2=" ">
    <subfield code="a">368 pages ;</subfield>
    <subfield code="c">23 cm.</subfield>
  </datafield>
  <datafield tag="504" ind1=" " ind2=" ">
    <subfield code="a">Includes bibliographical references (pages [334]-342) and indexes.</subfield>
  </datafield>
  <datafield tag="505" ind1="0" ind2=" ">
    <subfield code="t">The what preaching --</subfield>
    <subfield code="t">The how of preaching --</subfield>
    <subfield code="t">The link between structure and story --</subfield>
    <subfield code="t">The role of the Word in the drama of scripture --</subfield>
    <subfield code="t">Paradigm shifts of stewardship --</subfield>
    <subfield code="t">The stewardship of the covenant of creation (paradigm 1) --</subfield>
    <subfield code="t">the stewardship of the covenant of promise (paradigm) 2 --</subfield>
    <subfield code="t">the stewardship of the covenant of law (paradigm 3) --</subfield>
    <subfield code="t">the stewardship of Joshua, the Judges, and Samuel (paradigm 4) --</subfield>
    <subfield code="t">The stewardship of the covenant of kingship (paradigm 5) --</subfield>
    <subfield code="t">The stewardship of the prophets (paradigm 6) --</subfield>
    <subfield code="t">The stewardship of Psalmists and scribes (paradigm 7) --</subfield>
    <subfield code="t">Stewardship of the Son, parts 1 &amp; 2 (paradigm 8) --</subfield>
    <subfield code="t">The stewardship of the apostles (paradigm 9) --</subfield>
    <subfield code="t">The stewardship of the pastor (paradigm 10) --</subfield>
    <subfield code="t">The what of expository preaching today --</subfield>
    <subfield code="t">The how of expository preaching today --</subfield>
    <subfield code="t">The why of expository preaching today --</subfield>
    <subfield code="t">Preaching and scripture --</subfield>
    <subfield code="t">Preaching and sin --</subfield>
    <subfield code="t">Topical preaching: friend or foe? --</subfield>
    <subfield code="t">Stewardship of the Word today.</subfield>
  </datafield>
  <datafield tag="630" ind1="0" ind2="0">
    <subfield code="a">Bible</subfield>
    <subfield code="x">Homiletical use.</subfield>
    <subfield code="9">31139</subfield>
  </datafield>
  <datafield tag="650" ind1=" " ind2="0">
    <subfield code="a">Preaching.</subfield>
    <subfield code="9">37415</subfield>
  </datafield>
  <datafield tag="776" ind1="0" ind2="8">
    <subfield code="i">Online version:</subfield>
    <subfield code="a">Meyer, Jason C. (Jason Curtis), 1976-</subfield>
    <subfield code="t">Preaching</subfield>
    <subfield code="d">Wheaton : Crossway, 2013</subfield>
    <subfield code="z">9781433519727</subfield>
    <subfield code="w">(DLC) 2013018464.</subfield>
  </datafield>
  <datafield tag="942" ind1=" " ind2=" ">
    <subfield code="2">lcc</subfield>
    <subfield code="c">BK</subfield>
    <subfield code="0">1</subfield>
  </datafield>
  <datafield tag="999" ind1=" " ind2=" ">
    <subfield code="c">61740</subfield>
    <subfield code="d">61714</subfield>
  </datafield>
  <datafield tag="952" ind1=" " ind2=" ">
    <subfield code="0">0</subfield>
    <subfield code="1">0</subfield>
    <subfield code="2">lcc</subfield>
    <subfield code="4">0</subfield>
    <subfield code="7">0</subfield>
    <subfield code="8">GEN</subfield>
    <subfield code="a">CPL</subfield>
    <subfield code="b">CPL</subfield>
    <subfield code="c">PROC</subfield>
    <subfield code="d">2015-07-23</subfield>
    <subfield code="e">P-Corporate Campus Ltd</subfield>
    <subfield code="g">38.00</subfield>
    <subfield code="l">3</subfield>
    <subfield code="m">1</subfield>
    <subfield code="o">BV 4211.3 .M49 2013</subfield>
    <subfield code="p">R33056F3232</subfield>
    <subfield code="r">2026-04-02 12:51:52</subfield>
    <subfield code="s">2025-11-29</subfield>
    <subfield code="t">1</subfield>
    <subfield code="w">2015-07-23</subfield>
    <subfield code="y">BK</subfield>
  </datafield>
</record>
